000 01573nam a2200433 i 4500
001 28932
003 KOSZ 005
005 20210301141724.0
008 971016s1989 pl g d |000 0 pol
015 _aPB 1989/7603
020 _a8301002816
020 _a8301002840
035 _a(OCoLC)749230374
040 _aWA N
_cWA N
_dKOSZ 005/EG
_dKOSZ 005/HR
041 0 _apol
046 _k1989
080 _a811.162.1'374
245 0 0 _aSłownik języka polskiego.
_nT. 3,
_pR-Ż /
_cred. nauk. Mieczysław Szymczak ; red. Hipolit Szkiłądź [et al.] ; oprac. haseł Anna Bańkowska [et al.] ; okresowo brała udział w oprac. haseł Alicja Nałęcz.
250 _a[Wyd. 5].
260 _aWarszawa :
_bPańst. Wydaw. Naukowe,
_c1989.
300 _a1103, [1] s. ;
_c24 cm.
336 _2rdacontent
_aTekst
_btxt
337 _2rdamedia
_aBez urządzenia pośredniczącego
_bn
338 _2rdacarrier
_aWolumin
_bnc
380 _aKsiążki
380 _aPublikacje informacyjne
388 _a1901-2000
388 _a1989-2000
650 4 _aJęzyk polski
655 4 _aSłowniki polskie
658 _aJęzykoznawstwo
700 1 _aSzymczak, Mieczysław
_d(1927-1985)
_eRedakcja
700 1 _aSzkiłądź, Hipolit
_eRedakcja
700 1 _aBańkowska, Anna
_d(1940- ).
_eOpracowanie
700 1 _aNałęcz, Alicja
_eOpracowanie
710 2 _aPaństwowe Wydawnictwo Naukowe
_4pbl.
856 _uhttp://koha.tu.koszalin.pl/cgi-bin/koha/opac-detail.pl?biblionumber=28932
_yKatalog online BPK
942 _2UKD
_cKS
999 _c28932
_d28932